Los medios de comunicación y la sociedad educadora : ¿Ya no es necesaria la escuela?
Guardat en:
| Autor principal: | |
|---|---|
| Format: | Llibre |
| Idioma: | Spanish |
| Publicat: |
Bogotá :
Editorial Delfín
2003.
|
| Col·lecció: | Colección Pedagogía e historia ;
5 |
| Matèries: | |
| Accés en línia: | Enlace del recurso |
| Etiquetes: |
Afegir etiqueta
Sense etiquetes, Sigues el primer a etiquetar aquest registre!
|
MARC
| LEADER | 00000cam a2200000 a 4500 | ||
|---|---|---|---|
| 003 | OSt | ||
| 005 | 20251016092846.0 | ||
| 008 | 031205s2003 ck a r 00010dspa d | ||
| 020 | |a 9582007397 | ||
| 040 | |c CO-BoIIE | ||
| 041 | 0 | |a spa | |
| 082 | 0 | 4 | |a 302.23 |b A47m |
| 100 | 1 | |a Álvarez Gallego, Alejandro. |9 6 | |
| 245 | 1 | 4 | |a Los medios de comunicación y la sociedad educadora : |b ¿Ya no es necesaria la escuela? |c Alejandro Álvarez Gallego. |
| 260 | |a Bogotá : |b Editorial Delfín |c 2003. | ||
| 300 | |a 285 p. : |b il. ; | ||
| 440 | 0 | |a Colección Pedagogía e historia ; |v 5 |9 2351 | |
| 650 | |a Comunicación en educación. |9 1321 | ||
| 650 | |a Medios de comunicación de masas |z Colombia. |9 1676 | ||
| 650 | 0 | |a Política educativa |9 966 | |
| 650 | 6 | |a Radio en la educación. |9 1677 | |
| 650 | 0 | |a Método de enseñanza |9 947 | |
| 650 | |a Televisión educativa. |9 1678 | ||
| 942 | |2 ddc |c BK | ||
| 949 | |a c |b c | ||
| 999 | |c 5081 |d 5081 | ||
| 856 | |u https://catalogo.idep.edu.co/cgi-bin/koha/opac-detail.pl?biblionumber=5081 |z Enlace del recurso | ||